<?xml version="1.0" encoding="UTF-8"?>
<record
    xmlns:xsi="http://www.w3.org/2001/XMLSchema-instance"
    xsi:schemaLocation="http://www.loc.gov/MARC21/slim http://www.loc.gov/standards/marcxml/schema/MARC21slim.xsd"
    xmlns="http://www.loc.gov/MARC21/slim">

  <leader>00534pam a2200193 a 4500</leader>
  <datafield tag="020" ind1=" " ind2=" ">
    <subfield code="a">0340808195</subfield>
    <subfield code="c">2537.50</subfield>
  </datafield>
  <datafield tag="041" ind1=" " ind2=" ">
    <subfield code="a">eng</subfield>
    <subfield code="h">NULL</subfield>
  </datafield>
  <datafield tag="082" ind1=" " ind2=" ">
    <subfield code="a">617</subfield>
    <subfield code="b">RUS</subfield>
  </datafield>
  <datafield tag="100" ind1=" " ind2=" ">
    <subfield code="a">RUSSELL, R  .</subfield>
  </datafield>
  <datafield tag="245" ind1=" " ind2=" ">
    <subfield code="a">BAILEY &amp; LOVE`S SHORT PRACTICE OF SURGERY / </subfield>
    <subfield code="c">NULL.</subfield>
    <subfield code="h">Textual Documents</subfield>
  </datafield>
  <datafield tag="250" ind1=" " ind2=" ">
    <subfield code="a">24 / </subfield>
    <subfield code="b">.</subfield>
  </datafield>
  <datafield tag="260" ind1=" " ind2=" ">
    <subfield code="a">NULL : </subfield>
    <subfield code="b">HODDER ARNOLD , </subfield>
    <subfield code="c">2004.</subfield>
  </datafield>
  <datafield tag="300" ind1=" " ind2=" ">
    <subfield code="a">1522 ; </subfield>
    <subfield code="c">A4.</subfield>
  </datafield>
  <datafield tag="365" ind1=" " ind2=" ">
    <subfield code="a">2537.50</subfield>
    <subfield code="e">9</subfield>
  </datafield>
  <datafield tag="907" ind1=" " ind2=" ">
    <subfield code="a">0776</subfield>
    <subfield code="a">0777</subfield>
    <subfield code="a">0778</subfield>
    <subfield code="a">0780</subfield>
    <subfield code="a">0781</subfield>
    <subfield code="a">0782</subfield>
    <subfield code="a">0783</subfield>
    <subfield code="a">0784</subfield>
    <subfield code="a">0779</subfield>
  </datafield>
  <datafield tag="930" ind1=" " ind2=" ">
    <subfield code="a">153</subfield>
  </datafield>
  <datafield tag="999" ind1=" " ind2=" ">
    <subfield code="c">794689</subfield>
    <subfield code="d">794689</subfield>
  </datafield>
  <datafield tag="650" ind1=" " ind2=" ">
    <subfield code="a">SURGERY</subfield>
  </datafield>
  <datafield tag="952" ind1=" " ind2=" ">
    <subfield code="0">0</subfield>
    <subfield code="1">0</subfield>
    <subfield code="4">0</subfield>
    <subfield code="7">0</subfield>
    <subfield code="a">MCS</subfield>
    <subfield code="b">MCS</subfield>
    <subfield code="d">2011-11-28</subfield>
    <subfield code="e"> </subfield>
    <subfield code="g">2537.50</subfield>
    <subfield code="l">0</subfield>
    <subfield code="o">617 RUS</subfield>
    <subfield code="p">MCS-0784</subfield>
    <subfield code="r">2023-07-26 00:00:00</subfield>
    <subfield code="t">9</subfield>
    <subfield code="w">2023-07-26</subfield>
    <subfield code="y">BK</subfield>
  </datafield>
  <datafield tag="952" ind1=" " ind2=" ">
    <subfield code="0">0</subfield>
    <subfield code="1">0</subfield>
    <subfield code="4">0</subfield>
    <subfield code="7">0</subfield>
    <subfield code="a">MCS</subfield>
    <subfield code="b">MCS</subfield>
    <subfield code="d">2011-11-28</subfield>
    <subfield code="e"> </subfield>
    <subfield code="g">2537.50</subfield>
    <subfield code="l">0</subfield>
    <subfield code="o">617 RUS</subfield>
    <subfield code="p">MCS-0783</subfield>
    <subfield code="r">2023-07-26 00:00:00</subfield>
    <subfield code="t">8</subfield>
    <subfield code="w">2023-07-26</subfield>
    <subfield code="y">BK</subfield>
  </datafield>
  <datafield tag="952" ind1=" " ind2=" ">
    <subfield code="0">0</subfield>
    <subfield code="1">0</subfield>
    <subfield code="4">0</subfield>
    <subfield code="7">0</subfield>
    <subfield code="a">MCS</subfield>
    <subfield code="b">MCS</subfield>
    <subfield code="d">2011-11-28</subfield>
    <subfield code="e"> </subfield>
    <subfield code="g">2537.50</subfield>
    <subfield code="l">1</subfield>
    <subfield code="o">617 RUS</subfield>
    <subfield code="p">MCS-0782</subfield>
    <subfield code="q">2050-12-31</subfield>
    <subfield code="r">2023-11-10 00:00:00</subfield>
    <subfield code="s">2023-11-10</subfield>
    <subfield code="t">7</subfield>
    <subfield code="w">2023-07-26</subfield>
    <subfield code="y">BK</subfield>
  </datafield>
  <datafield tag="952" ind1=" " ind2=" ">
    <subfield code="0">0</subfield>
    <subfield code="1">0</subfield>
    <subfield code="4">0</subfield>
    <subfield code="7">0</subfield>
    <subfield code="a">MCS</subfield>
    <subfield code="b">MCS</subfield>
    <subfield code="d">2011-11-28</subfield>
    <subfield code="e"> </subfield>
    <subfield code="g">2537.50</subfield>
    <subfield code="l">1</subfield>
    <subfield code="o">617 RUS</subfield>
    <subfield code="p">MCS-0781</subfield>
    <subfield code="q">2050-12-31</subfield>
    <subfield code="r">2023-11-10 00:00:00</subfield>
    <subfield code="s">2023-11-10</subfield>
    <subfield code="t">6</subfield>
    <subfield code="w">2023-07-26</subfield>
    <subfield code="y">BK</subfield>
  </datafield>
  <datafield tag="952" ind1=" " ind2=" ">
    <subfield code="0">0</subfield>
    <subfield code="1">0</subfield>
    <subfield code="4">0</subfield>
    <subfield code="7">0</subfield>
    <subfield code="a">MCS</subfield>
    <subfield code="b">MCS</subfield>
    <subfield code="d">2011-11-28</subfield>
    <subfield code="e"> </subfield>
    <subfield code="g">2537.50</subfield>
    <subfield code="l">0</subfield>
    <subfield code="o">617 RUS</subfield>
    <subfield code="p">MCS-0780</subfield>
    <subfield code="r">2023-07-26 00:00:00</subfield>
    <subfield code="t">5</subfield>
    <subfield code="w">2023-07-26</subfield>
    <subfield code="y">BK</subfield>
  </datafield>
  <datafield tag="952" ind1=" " ind2=" ">
    <subfield code="0">0</subfield>
    <subfield code="1">0</subfield>
    <subfield code="4">0</subfield>
    <subfield code="7">0</subfield>
    <subfield code="a">MCS</subfield>
    <subfield code="b">MCS</subfield>
    <subfield code="d">2011-11-28</subfield>
    <subfield code="e"> </subfield>
    <subfield code="g">2537.50</subfield>
    <subfield code="l">0</subfield>
    <subfield code="o">617 RUS</subfield>
    <subfield code="p">MCS-0779</subfield>
    <subfield code="r">2023-07-26 00:00:00</subfield>
    <subfield code="t">10</subfield>
    <subfield code="w">2023-07-26</subfield>
    <subfield code="y">BK</subfield>
  </datafield>
  <datafield tag="952" ind1=" " ind2=" ">
    <subfield code="0">0</subfield>
    <subfield code="1">0</subfield>
    <subfield code="4">0</subfield>
    <subfield code="7">0</subfield>
    <subfield code="a">MCS</subfield>
    <subfield code="b">MCS</subfield>
    <subfield code="d">2011-11-28</subfield>
    <subfield code="e"> </subfield>
    <subfield code="g">2537.50</subfield>
    <subfield code="l">1</subfield>
    <subfield code="o">617 RUS</subfield>
    <subfield code="p">MCS-0778</subfield>
    <subfield code="q">2050-12-31</subfield>
    <subfield code="r">2023-11-10 00:00:00</subfield>
    <subfield code="s">2023-11-10</subfield>
    <subfield code="t">4</subfield>
    <subfield code="w">2023-07-26</subfield>
    <subfield code="y">BK</subfield>
  </datafield>
  <datafield tag="952" ind1=" " ind2=" ">
    <subfield code="0">0</subfield>
    <subfield code="1">0</subfield>
    <subfield code="4">0</subfield>
    <subfield code="7">0</subfield>
    <subfield code="8">Text Books</subfield>
    <subfield code="a">MCS</subfield>
    <subfield code="b">MCS</subfield>
    <subfield code="d">2011-11-28</subfield>
    <subfield code="e"> </subfield>
    <subfield code="g">2537.50</subfield>
    <subfield code="l">0</subfield>
    <subfield code="o">617 RUS</subfield>
    <subfield code="p">MCS-0777</subfield>
    <subfield code="r">2023-07-26 00:00:00</subfield>
    <subfield code="t">3</subfield>
    <subfield code="w">2023-07-26</subfield>
    <subfield code="y">BK</subfield>
  </datafield>
  <datafield tag="952" ind1=" " ind2=" ">
    <subfield code="0">0</subfield>
    <subfield code="1">0</subfield>
    <subfield code="4">0</subfield>
    <subfield code="7">0</subfield>
    <subfield code="a">MCS</subfield>
    <subfield code="b">MCS</subfield>
    <subfield code="d">2011-11-28</subfield>
    <subfield code="e"> </subfield>
    <subfield code="g">2537.50</subfield>
    <subfield code="l">1</subfield>
    <subfield code="o">617 RUS</subfield>
    <subfield code="p">MCS-0776</subfield>
    <subfield code="q">2050-12-31</subfield>
    <subfield code="r">2023-11-10 00:00:00</subfield>
    <subfield code="s">2023-11-10</subfield>
    <subfield code="t">2</subfield>
    <subfield code="w">2023-07-26</subfield>
    <subfield code="y">BK</subfield>
  </datafield>
  <datafield tag="952" ind1=" " ind2=" ">
    <subfield code="0">0</subfield>
    <subfield code="1">0</subfield>
    <subfield code="4">0</subfield>
    <subfield code="7">0</subfield>
    <subfield code="a">MCS</subfield>
    <subfield code="b">MCS</subfield>
    <subfield code="d">2011-11-28</subfield>
    <subfield code="e"> </subfield>
    <subfield code="g">2537.50</subfield>
    <subfield code="l">0</subfield>
    <subfield code="o">617 RUS</subfield>
    <subfield code="p">MCS-0775</subfield>
    <subfield code="r">2023-07-26 00:00:00</subfield>
    <subfield code="t">1</subfield>
    <subfield code="w">2023-07-26</subfield>
    <subfield code="y">BK</subfield>
  </datafield>
</record>
